Miralmonte

Gardado en:
Detalles Bibliográficos
Autor Principal: Serrano, Emilio
Formato: Libro
Idioma:Undetermined
Publicado: Madrid, España Argos Vergara 1982
Materias:
Etiquetas: Engadir etiqueta
Sen Etiquetas, Sexa o primeiro en etiquetar este rexistro!

MARC

LEADER 00000nam a2200000Ia 4500
008 170316s9999 xx 000 0 und d
040 |a cru BVZT 
090 |a 862 S-22m 
100 |a Serrano, Emilio 
245 |a Miralmonte 
260 |a Madrid, España 
260 |b Argos Vergara 
260 |c 1982 
300 |a 271 páginas 
650 |a LITERATURA ESPAÑOLA 
999 |c 10428  |d 10428 
942 |c 15 D  |h 862 S-22m  |2 z